Cultura y Política en América Latina /

Como lo señala el título, este texto estudia el vínculo que existe entre la cultura y la política en Latinoamérica, con énfasis especial en México. Se habla de pensamiento sociológico y político, del problema político a la luz de la filosofía, de régimen nacional, de democracia, de dictadura, de ide...

Descrizione completa

Salvato in:
Dettagli Bibliografici
Autore principale: Villegas, Abelardo (autor)
Natura: Libro
Lingua:spagnolo
Pubblicazione: México : Extemporáneos, 1978
Serie:(Latinoamérica. Ensayo ; 5)
Soggetti:
Tags: Aggiungi Tag
Nessun Tag, puoi essere il primo ad aggiungerne!!

MARC

LEADER 00000nam^a2200000^a^4500
001 000021451
005 20250521000000.0
009 20260310084417.955
037 |a Acervo ITESO - Biblioteca 
041 |a ESP 
082 |a 306. 4  |b VIL 
100 |a Villegas, Abelardo  |e (autor) 
245 1 0 |a Cultura y Política en América Latina /  |c A. Villegas. 
264 1 |a México :  |b Extemporáneos,  |c 1978 
300 |a 157 p. 
336 |a texto  |b txt  |2 rdacontenido 
337 |a sin mediación  |b n  |2 rdamedio 
338 |a volumen  |b nc  |2 rdasoporte 
440 1 |a (Latinoamérica.  |p Ensayo ;  |v 5) 
520 |a Como lo señala el título, este texto estudia el vínculo que existe entre la cultura y la política en Latinoamérica, con énfasis especial en México. Se habla de pensamiento sociológico y político, del problema político a la luz de la filosofía, de régimen nacional, de democracia, de dictadura, de ideología y política, de la ideología del movimiento estudiantil de 1968, del lenguaje político, etc. 
649 |a XX 
650 |a Sociología -  |z Latinoamérica 
650 |a Política -  |z Latinoamérica 
650 |a Cultura -  |z Latinoamérica 
910 |a Fondo General 
920 |a Impresos - Libros 
930 |a Colección General 
905 |a 101 
901 |a 0214510100  |b IT1  |c ACC  |i 021451  |u 20250521 
902 |a https://opac.biblio.iteso.mx/vufind/Record/000021451